000 00657nam a2200229 a 4500
999 _c2081
_d2081
001 2081
003 BD-JhCC
005 20171030083838.0
008 171029s1994 bg |||| ||a| 000 0 ben d
035 _a(BD-JhCC)2081
040 _aBD-JhCC
_dBD-JhCC
041 _aben
082 _a891.4409
_bCHU 1994
100 _aচৌধুরী, নারায়ন
245 _aসুকান্ত-চর্চা /
_cনারায়ন চৌধুরী
260 _aঢাকা :
_bমুক্তধারা,
_c1994.
300 _a130 p. :
_c21 cm.
600 _aV. Sukanta
650 _abengali Literature
942 _2ddc
_cBK